Environmental Hazards Assessing risk and reducing Disaster (Record no. 610250)
[ view plain ]
| 000 -LEADER | |
|---|---|
| fixed length control field | 00311nam a22001097a 4500 |
| 027 ## - STANDARD TECHNICAL REPORT NUMBER | |
| Qualifying information | 9780815365419 |
| 040 ## - CATALOGING SOURCE | |
| Transcribing agency | IESE NUST |
| 082 ## - DEWEY DECIMAL CLASSIFICATION NUMBER | |
| Classification number | 363.34 |
| Author Mark | KEI |
| 100 ## - MAIN ENTRY--PERSONAL NAME | |
| Personal name | KEITH SMITH,CARINA J. FEARNLEY, DEBORAH DIXON |
| 9 (RLIN) | 124368 |
| 245 ## - TITLE STATEMENT | |
| Title | Environmental Hazards Assessing risk and reducing Disaster |
| 942 ## - ADDED ENTRY ELEMENTS (KOHA) | |
| Source of classification or shelving scheme | |
| Koha item type | Book |
| Withdrawn status | Lost status | Source of classification or shelving scheme | Damaged status | Not for loan | Permanent Location | Current Location | Date acquired | Total Checkouts | Full call number | Barcode | Date last seen | Price effective from | Koha item type |
|---|---|---|---|---|---|---|---|---|---|---|---|---|---|
| Institute of Environmental Science and Engineering (IESE) | Institute of Environmental Science and Engineering (IESE) | 07/10/2024 | 363.34 KEI | IESE-4025 | 07/10/2024 | 07/10/2024 | Book |
